000 00218 a2200097 4500
001 47350
100 _aAitken A
245 _aGallipolis to the Somme
260 _aLondon
_bOxford university
_c
090 _c30385
_d30385
942 _aNUST-CAE
_cM
_c22653
999 _c282423
_d282423